Highest Selling Girl Groups - Statistics

General Stats
  • This quiz has been taken 127 times
  • The average score is 4 of 12
Answer Stats
Sales Group % Correct
85 M Spice Girls
91%
60 M Destiny's Child
74%
20+ M The Supremes
53%
65 M TLC
48%
54 M The Pussycat Dolls
39%
40 M Bananarama
22%
20 M En Vogue
15%
40 M The Pointer Sisters
12%
25 M The Nolans
7%
20M Speed
3%
58 M AKB48
2%
75 M The Andrew Sisters
1%
No matching quizzes found
Score Distribution
Percent of People with Each Score
Percentile by Number Answered
Your Score History
You have not taken this quiz